International congress on the teaching of humanrights: September 1978, vienna under the auspices of the United Nations organization for education science and culture (Record no. 1375167)

MARC details
000 -LEADER
fixed length control field 00831nam a2200205Ia 4500
005 - DATE AND TIME OF LATEST TRANSACTION
control field 20250508162221.0
008 - FIXED-LENGTH DATA ELEMENTS--GENERAL INFORMATION
fixed length control field 008 250505s9999 xx 000 0 eng d
020 ## - INTERNATIONAL STANDARD BOOK NUMBER
International Standard Book Number 92-3-101781-0
037 ## - SOURCE OF ACQUISITION
Stock number Textual
040 ## - CATALOGING SOURCE
Original cataloging agency FEDL
Language of cataloging eng
Transcribing agency FEDL
041 ## - LANGUAGE CODE
Language code of text/sound track or separate title eng
Source of code eng
084 ## - COLON CLASSIFICATION NUMBER
Classification number 323.4, UNE
Assigning agency FEDL
245 #0 - TITLE STATEMENT
Title International congress on the teaching of humanrights: September 1978, vienna under the auspices of the United Nations organization for education science and culture
245 #0 - TITLE STATEMENT
Statement of responsibility, etc. United Nations Education, Scientific and Cultural Organization
260 ## - PUBLICATION, DISTRIBUTION, ETC.
Place of publication, distribution, etc. Paris, France
Name of publisher, distributor, etc. United Nations Education, Scientific and Cultural Organization
Date of publication, distribution, etc. 1980
300 ## - PHYSICAL DESCRIPTION
Extent 259p
546 ## - LANGUAGE NOTE
Language note Thirtieth aniversary of the universal declaration of human rights
942 ## - ADDED ENTRY ELEMENTS (KOHA)
Koha item type Textual
Classification part 323.4, UNE
Holdings
Withdrawn status Lost status Damaged status Not for loan Home library Current library Date acquired Total Checkouts Full call number Barcode Date last seen Price effective from Koha item type
        Department of Education Library Department of Education Library 2025-05-08   323.4, UNE EL0065303 2025-05-08 2025-05-08 Textual
Copyright @ Delhi University Library System